Avez-vous vu le film Killers of the Flower Moon ? - Statistiques

Statistiques générales
  • Ce quiz a été pris 72 fois
  • Le résultat moyen est 8 sur 10
Statistiques - réponses
Question Réponse % Correct
Quel métier faisait Ernest Burkhart lorsqu'il a rencontré sa femme, Mollie ? Chauffeur de taxi
100%
De quelle maladie souffre Mollie Burkhart ? De diabète
100%
Pour quelle raison la tribu des Osages est-elle devenue riche ? Grâce aux terres pétrolières
100%
Quel acteur interprète le rôle de Ernest Burkhart ? Leonardo DiCaprio
100%
Qui est le réalisateur de ce film ? Martin Scorsese
100%
Dans quel Etat américain se passe la majorité de l'histoire ? En Oklahoma
86%
Que représente la dernière scène du film ? L'enregistrement d'une émission de radio
71%
Quelle actrice interprète le rôle de Mollie Burkhart ? Lily Gladstone
71%
Pourquoi les soeurs de Mollie sont-elles mortes ? Parce que les Burkhart voulaient hériter de leur argent
71%
Combien d'enfants ont eu Ernest et Mollie ? Trois
29%
Aucun quiz correspondant
Distribution des résultats
% des personnes avec chaque résultat
Percentile par nombre de réponses
Votre historique - résultats
Vous n’avez pas pris ce quiz